| 000 | 00000nam##2200000za#4500 |
| 001 | 9.699807 |
| 003 | CaOODSP |
| 005 | 20210625000540 |
| 007 | cr ||||||||||| |
| 008 | 150407|1966||||xxc|||||o f|0| 0 eng|d |
| 040 | |aCaOODSP|beng |
| 043 | |an-cn--- |
| 086 | 1 |aZ1-1962/1-1E-PDF |
| 110 | 1 |aCanada. |bPrivy Council Office. |
| 245 | 10|aReport of the Royal Commission on Taxation. Vol. 1 : |h[electronic resource]|bIntroduction, acknowledgments and minority reports / |cKenneth LeM. Carter, chairman. |
| 260 | |aOttawa - Ontario : |bPrivy Council Office |c1966. |
| 300 | |a146p.|bgraph, tables |
| 500 | |aHistorical publication digitized in 2008 by the Privy Council Office of Canada. |
| 590 | |a15-04-Supp|b2015-03-19 |
| 690 | 07|aCommissions of inquiry|2gcpds |
| 690 | 07|aTaxes|2gcpds |
| 775 | 08|tRapport de la Commission royale d'enquête sur la fiscalité. Tome 1 |w(CaOODSP)9.643763 |
| 856 | 40|ahttp://publications.gc.ca|qPDF|s5.35 MB|uhttps://publications.gc.ca/collections/collection_2014/bcp-pco/Z1-1962-1-1-eng.pdf |